[Event "GRE-chT Schools Gymnasia 16th"]
[Site "Peristeri"]
[Date "2018.03.31"]
[Round "6.3"]
[White "Tsouchnikas, Orestis"]
[Black "Kiousis, Stavros St"]
[Result "1/2-1/2"]
[WhiteElo "1382"]
[BlackElo "1175"]
[PlyCount "87"]
[EventDate "2018.03.31"]
[EventType "team-swiss (rapid)"]
[EventRounds "6"]
[EventCountry "GRE"]
[SourceTitle "EXT 2019"]
[Source "ChessBase"]
[SourceDate "2018.10.10"]
[SourceVersion "1"]
[SourceVersionDate "2018.10.10"]
[SourceQuality "1"]

1. e4 c5 2. Nf3 d6 3. Nc3 Nf6 4. Be2 e6 5. d4 cxd4 6. Nxd4 a6 7. 0-0 Be7 8. h3 0-0 9. Be3 Qc7 10. Bf3 Nc6 11. Nb3 Ne5 12. Qe2 b5 13. a3 Bb7 14. Rfd1 Nxf3+ 15. gxf3 d5 16. Bd4 e5 17. exd5 exd4 18. Rxd4 Bc5 19. Nxc5 Qxc5 20. Rad1 Rfe8 21. Qd2 Qc8 22. Kg2 Qf5 23. b3 Rac8 24. Rd3 Nh5 25. Rd4 g5 26. Rh1 Nf4+ 27. Kf1 Rxc3 28. Qxc3 Ne2 29. Qd2 Nxd4 30. Qxd4 Qxf3 31. Rg1 Qxh3+ 32. Rg2 Qh1+ 33. Rg1 Re1+ 34. Kxe1 Qxg1+ 35. Ke2 Qg2 36. d6 Bc6 37. d7 Qf3+ 38. Ke1 Qh1+ 39. Kd2 Bxd7 40. Qxd7 Qf3 41. Qd8+ Kg7 42. Qxg5+ Kf8 43. Qd8+ Kg7 44. Qg5+ 1/2-1/2

[Event "GRE-chT Schools Gymnasia 16th"]
[Site "Peristeri"]
[Date "2018.03.31"]
[Round "5.3"]
[White "Tsouchnikas, Orestis"]
[Black "Loutragotis, Marios"]
[Result "1-0"]
[WhiteElo "1382"]
[BlackElo "1500"]
[PlyCount "129"]
[EventDate "2018.03.31"]
[EventType "team-swiss (rapid)"]
[EventRounds "6"]
[EventCountry "GRE"]
[SourceTitle "EXT 2019"]
[Source "ChessBase"]
[SourceDate "2018.10.10"]
[SourceVersion "1"]
[SourceVersionDate "2018.10.10"]
[SourceQuality "1"]

1. e4 c5 2. Nf3 d6 3. Nc3 a6 4. Be2 g6 5. 0-0 Bg7 6. h3 b5 7. a3 Bb7 8. d3 e6 9. Rb1 Ne7 10. Re1 0-0 11. Be3 Nbc6 12. d4 cxd4 13. Nxd4 Nxd4 14. Bxd4 e5 15. Be3 d5 16. exd5 Nxd5 17. Nxd5 Bxd5 18. Qd2 Be4 19. Rbd1 Qc7 20. c3 Rad8 21. Qc1 f5 22. f3 Bd5 23. Rd2 e4 24. fxe4 Bxe4 25. Rxd8 Qxd8 26. Rd1 Qc7 27. Bf4 Qc5+ 28. Be3 Qc6 29. Bf1 Bd5 30. Qd2 Bb3 31. Qd6 Qe4 32. Re1 Be5 33. Qxf8+ Kxf8 34. Bc5+ Kf7 35. Rxe4 fxe4 36. Kf2 Bf4 37. Be3 g5 38. g3 Bxe3+ 39. Kxe3 Bd5 40. Bg2 Bc4 41. Bxe4 h5 42. Bb7 a5 43. Bf3 Kg6 44. Be2 Be6 45. h4 Bd7 46. b3 Bc6 47. Kd4 g4 48. Kc5 b4 49. Kxc6 bxa3 50. Bd3+ Kf6 51. Bb1 Ke5 52. c4 a2 53. Bxa2 Ke4 54. c5 Kf3 55. Kb7 Kxg3 56. c6 Kxh4 57. c7 g3 58. c8Q g2 59. Qc5 Kg4 60. Qg1 Kg3 61. Bb1 h4 62. Be4 h3 63. Ka6 a4 64. bxa4 Kf4 65. Bxg2 1-0

[Event "GRE-ch U12"]
[Site "Achaia"]
[Date "2017.06.28"]
[Round "4"]
[White "Fertakis, Dimitrios"]
[Black "Tsouchnikas, Orestis"]
[Result "0-1"]
[WhiteElo "1037"]
[BlackElo "1393"]
[PlyCount "120"]
[EventDate "2017.06.26"]
[EventType "swiss"]
[EventRounds "9"]
[EventCountry "GRE"]
[SourceTitle "EXT 2018"]
[Source "ChessBase"]
[SourceDate "2017.10.13"]
[SourceVersion "1"]
[SourceVersionDate "2017.10.13"]
[SourceQuality "1"]

1. e4 e5 2. Nf3 Nc6 3. Bb5 a6 4. Ba4 Nf6 5. 0-0 Be7 6. Re1 b5 7. Bb3 d6 8. h3 0-0 9. c3 Bb7 10. d4 Nd7 11. Nbd2 Bf6 12. Nf1 Re8 13. Ng3 g6 14. Be3 Bg7 15. Qd2 Qe7 16. Ng5 Rf8 17. Nf3 Na5 18. Bc2 Nc4 19. Qc1 Nxe3 20. Qxe3 Rae8 21. Rad1 Nf6 22. d5 Nd7 23. Qg5 f6 24. Qe3 Nb6 25. b3 Rf7 26. Nh4 Ref8 27. f3 Kh8 28. Qf2 f5 29. Ne2 fxe4 30. Bxe4 g5 31. Nf5 Rxf5 32. Bxf5 Rxf5 33. Ng3 Rf7 34. Qc2 Bxd5 35. Nf5 Qf8 36. Ne3 Bb7 37. Qd2 h6 38. Qc2 Rd7 39. Qg6 Qf7 40. Qd3 Qf4 41. Qg6 Rf7 42. Ng4 Qf5 43. Qh5 Nd5 44. Nxh6 Bxh6 45. Qxh6+ Rh7 46. g4 Qxf3 47. Qxg5 Qg3+ 48. Kf1 Qxh3+ 49. Ke2 Qg2+ 50. Kd3 Rh3+ 51. Re3 Rxe3+ 52. Qxe3 Nxe3 53. Kxe3 Qxg4 54. Rf1 Qe4+ 55. Kd2 Qg2+ 56. Rf2 Qxf2+ 57. Kc1 Be4 58. Kd1 Qc2+ 59. Ke1 Bd3 60. c4 Qe2# 0-1

[Event "GRE-ch U12"]
[Site "Achaia"]
[Date "2017.06.27"]
[Round "2"]
[White "Petratos, Dimitrios"]
[Black "Tsouchnikas, Orestis"]
[Result "1-0"]
[WhiteElo "1126"]
[BlackElo "1393"]
[PlyCount "81"]
[EventDate "2017.06.26"]
[EventType "swiss"]
[EventRounds "9"]
[EventCountry "GRE"]
[SourceTitle "EXT 2018"]
[Source "ChessBase"]
[SourceDate "2017.10.13"]
[SourceVersion "1"]
[SourceVersionDate "2017.10.13"]
[SourceQuality "1"]

1. d4 Nf6 2. c4 e6 3. Nf3 d5 4. g3 c5 5. Bg2 Nc6 6. e3 Be7 7. 0-0 0-0 8. b3 Ne4 9. Bb2 Bf6 10. Ne1 cxd4 11. exd4 Nc5 12. Nc2 dxc4 13. bxc4 Na4 14. Ba3 Re8 15. d5 Bxa1 16. dxc6 Qb6 17. Nxa1 Nc5 18. Bxc5 Qxc5 19. cxb7 Bxb7 20. Bxb7 Rab8 21. Ba6 Rb6 22. Bb5 Reb8 23. Nb3 Qc8 24. N1d2 a6 25. Ba4 Rd6 26. Qc2 Rb4 27. Ne4 Rd8 28. Nec5 g6 29. Qc3 Rb6 30. Re1 h5 31. a3 Qa8 32. Nd7 Rd6 33. Nbc5 Qa7 34. Nf6+ Kf8 35. Ncd7+ Ke7 36. Nd5+ Rxd5 37. cxd5 Rxd7 38. Bxd7 Qxd7 39. Qc5+ Kd8 40. d6 Ke8 41. Qc7 1-0

[Event "GRE-ch U12"]
[Site "Porto Rio"]
[Date "2016.07.04"]
[Round "9"]
[White "Nasos, Valerios"]
[Black "Tsouchnikas, Orestis"]
[Result "0-1"]
[WhiteElo "1246"]
[BlackElo "1353"]
[PlyCount "56"]
[EventDate "2016.06.28"]
[EventType "swiss"]
[EventRounds "9"]
[EventCountry "GRE"]
[SourceTitle "CBM 173 Extra"]
[Source "ChessBase"]
[SourceDate "2016.08.29"]
[SourceVersion "1"]
[SourceVersionDate "2016.08.29"]
[SourceQuality "1"]

1. e4 e5 2. Nf3 Nc6 3. Bb5 a6 4. Ba4 Nf6 5. d3 d6 6. c3 b5 7. Bc2 g6 8. 0-0 Bg7 9. Re1 0-0 10. Nbd2 Re8 11. a4 b4 12. a5 bxc3 13. bxc3 Bd7 14. d4 exd4 15. cxd4 Nb4 16. Bb3 Rb8 17. Ng5 Rf8 18. Ba3 Nd3 19. Re3 Nxf2 20. Qf1 N6g4 21. Nxf7 Rxf7 22. Bxf7+ Kh8 23. Rd3 Nxd3 24. Qxd3 Qf6 25. h3 Qxd4+ 26. Qxd4 Bxd4+ 27. Kh1 Nf2+ 28. Kh2 Bxa1 0-1

[Event "GRE-ch U12"]
[Site "Porto Rio"]
[Date "2016.06.30"]
[Round "4"]
[White "Tsouchnikas, Orestis"]
[Black "Nikolakopoulos, Dimitrios"]
[Result "1-0"]
[WhiteElo "1353"]
[BlackElo "1199"]
[PlyCount "69"]
[EventDate "2016.06.28"]
[EventType "swiss"]
[EventRounds "9"]
[EventCountry "GRE"]
[SourceTitle "CBM 173 Extra"]
[Source "ChessBase"]
[SourceDate "2016.08.29"]
[SourceVersion "1"]
[SourceVersionDate "2016.08.29"]
[SourceQuality "1"]

1. d4 d5 2. c4 c6 3. Nc3 Nf6 4. Bf4 e6 5. Nf3 Nbd7 6. a3 Be7 7. e3 0-0 8. Be2 dxc4 9. Bxc4 b5 10. Be2 Bb7 11. 0-0 h6 12. Rc1 Rc8 13. Nd2 a6 14. Bf3 Nb6 15. Nb3 Nbd5 16. Bg3 Nxc3 17. Rxc3 Nd5 18. Rc1 Bg5 19. Re1 Qe7 20. Qc2 Bf6 21. Qc5 Rfe8 22. Rc2 e5 23. Qxe7 Rxe7 24. dxe5 Bxe5 25. Bxe5 Rxe5 26. Na5 Ba8 27. Rec1 Ne7 28. Bxc6 Bxc6 29. Nxc6 Nxc6 30. Rxc6 Rxc6 31. Rxc6 Rd5 32. Kf1 Rd2 33. b4 Rd1+ 34. Ke2 Rh1 35. h3 1-0

[Event "GRE-ch U12"]
[Site "Porto Rio"]
[Date "2016.06.29"]
[Round "2"]
[White "Tsouchnikas, Orestis"]
[Black "Zaronikas, Dimitrios"]
[Result "0-1"]
[WhiteElo "1353"]
[BlackElo "1677"]
[PlyCount "56"]
[EventDate "2016.06.28"]
[EventType "swiss"]
[EventRounds "9"]
[EventCountry "GRE"]
[SourceTitle "CBM 173 Extra"]
[Source "ChessBase"]
[SourceDate "2016.08.29"]
[SourceVersion "1"]
[SourceVersionDate "2016.08.29"]
[SourceQuality "1"]

1. d4 Nf6 2. c4 c5 3. d5 b5 4. b3 e6 5. dxe6 fxe6 6. e3 Bb7 7. Nf3 Be7 8. Be2 0-0 9. 0-0 bxc4 10. Bxc4 Ng4 11. h3 Bf6 12. hxg4 Bxa1 13. Ba3 Qc7 14. Nbd2 Be5 15. Qc2 g6 16. Bd3 d6 17. Nxe5 dxe5 18. Qxc5 Qxc5 19. Bxc5 Rd8 20. Bc4 Rxd2 21. Bxe6+ Kg7 22. b4 Na6 23. Rc1 Kf6 24. Bb3 Rc8 25. Kf1 Nxb4 26. g5+ Kg7 27. Bxb4 Rxc1+ 28. Bd1 Rcxd1# 0-1